000 00389 a2200169 4500
001 157037
020 _a9788574421582
040 _cEscola São Tomás de Aquino
100 _aCAVALCANTI, Joana
240 1 0 _aA menina da chuva
_lpor
245 1 0 _aA menina da chuva
300 _a48 p.
362 0 _a2014
440 1 _aMiguilim
697 _a*LITERATURA INFANTO JUVENIL
942 _cBK
999 _c157037
_d157037